Aung San Suu Kyi Đấu tranh cho tự do

Sparad:
Bibliografiska uppgifter
Huvudupphovsman: Huỳnh, Văn Thanh
Materialtyp: Bok
Språk:Vietnamese
Publicerad: Hà Nội Văn hóa thông tin 2008
Ämnen:
Taggar: Lägg till en tagg
Inga taggar, Lägg till första taggen!
Thư viện lưu trữ: Trung tâm Học liệu Lê Vũ Hùng, Trường Đại học Đồng Tháp
LEADER 00708pam a22002298a 4500
001 00040879
005 20180124150103.0
008 150825s2015 ||||||viesd
020 # # |c 70000 
041 0 # |a vie 
082 1 4 |b A111S  |a 959.109 2 
100 1 # |a Huỳnh, Văn Thanh 
245 1 0 |b Đấu tranh cho tự do  |a Aung San Suu Kyi  |c Huỳnh Văn Thanh 
260 # # |a Hà Nội  |b Văn hóa thông tin  |c 2008 
300 # # |a 448 tr.  |c 23 cm. 
653 # # |a Chính trị 
653 # # |a Tiểu sử 
653 # # |a lịch sử 
653 # # |a miến điện 
852 # # |j KD.0023118 
910 0 # |a kchi  |d 24/01/2018 
980 # # |a Trung tâm Học liệu Lê Vũ Hùng, Trường Đại học Đồng Tháp